[Event "chess.com Speed"]
[Site "Chess.com INT"]
[Date "2019.10.03"]
[Round "1.23"]
[White "Artemiev, Vladislav"]
[Black "Grischuk, Alexander"]
[Result "1-0"]
[WhiteElo "2746"]
[BlackElo "2759"]
[PlyCount "61"]
[EventDate "2019.09.02"]
[EventType "k.o. (blitz)"]
[EventRounds "4"]
[EventCountry "USA"]
[SourceTitle "EXT 2020"]
[Source "ChessBase"]
[SourceDate "2019.10.17"]
[SourceVersion "1"]
[SourceVersionDate "2019.10.17"]
[SourceQuality "1"]

1. e4 c5 2. Nc3 Nc6 3. f4 g6 4. Nf3 Bg7 5. Bc4 e6 6. f5 Nge7 7. O-O d5 8. fxg6
hxg6 9. Bb5 a6 10. Bxc6+ Nxc6 11. d3 Bxc3 12. bxc3 dxe4 13. Ng5 f5 14. dxe4
Qxd1 15. Rxd1 Bd7 16. Be3 Rc8 17. Bxc5 Rh5 18. Be3 Ne5 19. Bf4 Nc4 20. exf5
gxf5 21. Re1 Ke7 22. Rad1 Rc5 23. Nf3 Bc6 24. Nd4 Be4 25. Ne2 Bxc2 26. Rd4 Rh8
27. Ng3 b5 28. Bg5+ Kf7 29. Rd7+ Kg6 30. h4 f4 31. Rxe6# 1-0

[Event "chess.com Speed"]
[Site "Chess.com INT"]
[Date "2019.10.03"]
[Round "1.24"]
[White "Grischuk, Alexander"]
[Black "Artemiev, Vladislav"]
[Result "1/2-1/2"]
[WhiteElo "2759"]
[BlackElo "2746"]
[PlyCount "98"]
[EventDate "2019.09.02"]
[EventType "k.o. (blitz)"]
[EventRounds "4"]
[EventCountry "USA"]
[SourceTitle "EXT 2020"]
[Source "ChessBase"]
[SourceDate "2019.10.17"]
[SourceVersion "1"]
[SourceVersionDate "2019.10.17"]
[SourceQuality "1"]

1. e4 c6 2. d4 d5 3. e5 Bf5 4. Nf3 e6 5. Be2 h6 6. O-O Ne7 7. Nbd2 Nd7 8. Nb3
g5 9. a4 a5 10. c3 Qc7 11. Ne1 Bg7 12. f4 gxf4 13. Bxf4 c5 14. Bb5 Nc6 15. Bg3
Bg6 16. Nf3 Qb6 17. Kh1 O-O 18. Bf2 c4 19. Nc1 f6 20. exf6 Nxf6 21. Ne2 Ne4 22.
Be3 Ne7 23. Nf4 Qd6 24. Nxg6 Nxg6 25. Qc2 Rac8 26. Rae1 Nf4 27. Bxf4 Rxf4 28.
g3 Rf6 29. Kg2 Rcf8 30. Bxc4 Rxf3 31. Rxf3 Rxf3 32. Kxf3 Ng5+ 33. Kg4 dxc4 34.
h4 Nh7 35. Qg2 Nf6+ 36. Kh3 Qd7 37. Kh2 e5 38. dxe5 Ng4+ 39. Kh1 Nxe5 40. Kh2
Qxa4 41. Qd5+ Kh7 42. Rxe5 Qc2+ 43. Kh3 Bxe5 44. Qxe5 Qxb2 45. Qe7+ Kg8 46.
Qe8+ Kg7 47. Qe7+ Kg8 48. Qe8+ Kg7 49. Qe7+ Kg8 1/2-1/2

[Event "chess.com Speed"]
[Site "Chess.com INT"]
[Date "2019.10.03"]
[Round "1.25"]
[White "Artemiev, Vladislav"]
[Black "Grischuk, Alexander"]
[Result "1/2-1/2"]
[WhiteElo "2746"]
[BlackElo "2759"]
[PlyCount "89"]
[EventDate "2019.09.02"]
[EventType "k.o. (blitz)"]
[EventRounds "4"]
[EventCountry "USA"]
[SourceTitle "EXT 2020"]
[Source "ChessBase"]
[SourceDate "2019.10.17"]
[SourceVersion "1"]
[SourceVersionDate "2019.10.17"]
[SourceQuality "1"]

1. d4 Nf6 2. c4 g6 3. Nf3 Bg7 4. g3 O-O 5. Bg2 d6 6. O-O Nbd7 7. Nc3 e5 8. Qc2
c6 9. Rd1 Re8 10. e3 a6 11. b3 e4 12. Nd2 d5 13. Ba3 Nf8 14. Rdc1 Bf5 15. Ne2
Rc8 16. Qd1 h5 17. cxd5 cxd5 18. Rxc8 Bxc8 19. Rc1 h4 20. Qc2 Ne6 21. Nf4 Nxf4
22. gxf4 h3 23. Bf1 Qd7 24. Be2 Qf5 25. Nf1 Bd7 26. Ng3 Qe6 27. Qc7 Bc6 28. Qd6
Qxd6 29. Bxd6 Bf8 30. Bxf8 Kxf8 31. Bxa6 Ra8 32. Bf1 Rxa2 33. Bxh3 Rb2 34. Rc3
Rb1+ 35. Bf1 Ne8 36. Kg2 Nd6 37. h4 Ke7 38. Be2 f5 39. h5 gxh5 40. Bxh5 Ke6 41.
Be2 Rb2 42. Kf1 Rb1+ 43. Kg2 Rb2 44. Kf1 Rb1+ 45. Kg2 1/2-1/2

[Event "Hamburg FIDE GP"]
[Site "Hamburg"]
[Date "2019.11.09"]
[Round "2.2"]
[White "Navara, David"]
[Black "Grischuk, Alexander"]
[Result "0-1"]
[WhiteElo "2703"]
[BlackElo "2764"]
[Annotator "Krasenkow,M"]
[PlyCount "72"]
[EventDate "2019.11.05"]
[EventType "k.o."]
[EventRounds "4"]
[EventCountry "GER"]
[SourceTitle "CBM 193"]
[Source "ChessBase"]
[SourceDate "2019.12.31"]
[SourceVersion "1"]
[SourceVersionDate "2019.12.31"]
[SourceQuality "1"]

{[%evp 0,46,19,31,14,-14,-11,0,0,6,33,-23,-18,-2,-13,-18,-24,1,26,6,25,28,18,
26,0,0,-9,-4,-19,6,6,-15,18,22,76,11,11,8,8,-7,2,-5,14,-8,-9,-90,-92,-101,-101]
} 1. d4 Nf6 2. c4 e6 3. Nf3 d5 4. Nc3 Bb4 5. Qa4+ Nc6 6. e3 O-O 7. Qc2 Re8 8.
Bd2 Bf8 9. a3 {This move order doesn't require a2-a3.} (9. Be2 $5 {is harmless,
of course, e.g.} Nb4 10. Qb1 c5 11. dxc5 Bxc5 12. a3 Nc6 13. O-O a6 $11 ({
rather than} 13... dxc4 14. Bxc4 b6 15. Ne4 Nxe4 16. Qxe4 Bb7 17. Bc3 $14 {
1/2 (32) Postny,E (2652)-Gajewski,G (2643) Germany 2014})) (9. Rd1 {is a
logical alternative to 9.a3 but then, anyway, Black can play} e5 $5 {, which
looks enough for equality} (9... a6 10. a3 (10. Bc1 $5) 10... h6 (10... e5 $5)
11. Bc1 Bd7 12. Ne5 Nxe5 13. dxe5 Ng4 14. f4 Bc5 15. Qe2 h5 16. g3 $16 {
1-0 (61) Sevian,S (2654)-Tari,A (2630) Khanty-Mansiysk 2019}) 10. Nxe5 Nxe5 11.
dxe5 Rxe5 12. cxd5 Nxd5 (12... Bf5 $5 13. Bd3 Bxd3 14. Qxd3 Nxd5 15. O-O Nxc3
16. Bxc3 Qxd3 17. Rxd3 Re6 $11 {1/2 (31) Mis,M (2328)-Koziol,K (2289) Ustron
2019}) 13. Nxd5 (13. e4 Bg4 $1 14. Nxd5 (14. f3 $2 Qh4+ 15. g3 Qf6 16. fxg4 Qf3
) 14... Qxd5 15. f3 Be6 $13) 13... Rxd5 14. Bc4 Rd6 $11 (14... Rg5 15. Bc3 Qe8
{1/2 (22) Andersson,F (2280)-Sjodahl,P (2419) Sweden 2014} 16. Bd3 $14)) 9...
e5 (9... a6 10. Be2 dxc4 11. Bxc4 h6 12. O-O e5 13. dxe5 Nxe5 14. Nxe5 Rxe5 15.
e4 b5 16. Bf4 Rc5 17. Ba2 $14 {1-0 (69) Christiansen,J (2571)-Valsecchi,A 
(2506) Porto Mannu Palau ITA 2019}) (9... h6 10. h3 $5 (10. O-O-O $2 a6 11.
cxd5 exd5 12. Bd3 b5 $40 {0-1 (30) Makarov,M (2521)-Matlakov,M (2613) St
Petersburg 2010}) (10. Rd1 $5) 10... e5 11. dxe5 Nxe5 12. cxd5 Nxd5 13. O-O-O
Nxf3 14. gxf3 Nb6 15. Rg1 Qh4 16. Ne4 Bf5 17. Bc3 $14 {1-0 (34) Prusikin,M 
(2545)-Khenkin,I (2655) Germany 2012 EXT 2014 [Prusikin,M]}) 10. dxe5 (10. cxd5
$2 Nxd4 $1 11. exd4 exd4+ 12. Ne2 Qxd5 13. Qd3 c5 $17 {0-1 (21) Spalir,J (2336)
-Diermair,A (2472) Deutschlandsberg 2018}) 10... Nxe5 11. cxd5 (11. Nxe5 $5
Rxe5 12. cxd5 Nxd5 13. e4 {needs more examination. In the following game White
obtained a tiny edge:} Nxc3 14. Bxc3 Re8 15. Bd3 $14 Qg5 16. O-O Bd6 $6 {
1/2 (24) Fier,A (2580)-Swayams,M (2447) Llucmajor 2018} 17. e5 $1 Bxe5 18. Rae1
$16) 11... Nxf3+ (11... Nxd5 12. O-O-O (12. h4 Bg4 13. Ng5 g6 14. f3 Bf5 15. e4
Nxc3 16. Bxc3 h6 17. Be2 hxg5 18. exf5 gxh4 $13 {0-1 (33) Rasmussen,A (2538)
-Ochsner,B (2454) Svendborg 2018}) (12. Nxe5 $1 Rxe5 13. e4 {- see above})
12... Nxf3 (12... Nb6 13. Ne4 (13. Nxe5 $5 Rxe5 14. Bd3) (13. h4 $5) 13... Nxf3
(13... Qe7 14. Bc3 Ng6 15. Bd3 c5 16. Neg5 Bd7 17. h4 $40 {1-0 (46) Kuzubov,Y 
(2642)-Babujian,L (2491) Yerevan 2014}) 14. gxf3 Qh4 15. Bc3 (15. Bd3 c5 $5 {
[%cal Yc5c4]}) 15... Bf5 $1 16. Bd3 Bg6 17. f4 Rad8 $15 {1/2 (34) Nakamura,H 
(2715)-Kramnik,V (2772) London 2009 CBM 134 [Krasenkow,M]}) 13. gxf3 Nxc3 14.
Bxc3 Qh4 15. Rg1 Be6 16. f4 Rad8 17. Bd3 Rd6 (17... Bg4 $2 18. Bxh7+ Kh8 19.
Rxd8 Rxd8 20. Be4 $16 {1-0 (43) Nakamura,H (2749)-Duda,J (2731) Saint Louis
2019}) 18. Be4 (18. f5 Ba2 19. Bb5 Rxd1+ 20. Rxd1 Rd8 21. Rxd8 {1/2 (21)
Chatalbashev,B (2537)-Parligras,M (2614) Banja Vrujci 2017}) 18... Rxd1+ 19.
Rxd1 c6 20. Rg1 g6 21. f5 {0-1 (33) Bu,X (2715)-Yu,Y (2725) Shenzhen 2016} Ba2
$1 $13) 12. gxf3 Nxd5 13. Bd3 (13. O-O-O {- see above. The text move doesn't
change much: White must castle long, and Black's position is solid.}) 13...
Nxc3 14. Bxc3 Qh4 $1 {[%csl Gh4][%mdl 288] An excellent square for Black's
queen.} 15. O-O-O g6 {A new plan: Black doesn't hurry to develop his
light-squared bishop. He wants to get rid of White's strong c3 bishop first.} (
15... Be6 16. Rhg1 Rad8 17. Rg3 (17. f4 {- see above}) 17... Bc4 (17... Rd6 $5)
18. Be4 Rxd1+ 19. Qxd1 Rd8 20. Qg1 Qh6 $13 {1-0 (45) Navara,D (2733)-Piorun,K 
(2634) Germany 2018}) 16. Be4 Bg7 17. Qa4 Qe7 18. Bxg7 Kxg7 19. h4 {This
attack should have been prepared by} (19. Kb1) 19... Qc5+ 20. Kb1 Bf5 21. h5 $2
{[%mdl 8192]} ({Something solid like} 21. Rd4 {was required to keep the
balance.}) 21... b5 $1 {And suddenly White loses material.} 22. Qa6 $2 {
Totally crazy.} (22. Qc2 Bxe4 23. fxe4 Qxc2+ 24. Kxc2 Rxe4 $17) (22. Qd4+ $142
Qxd4 23. Rxd4 c5 $1 24. h6+ Kf8 25. Rd5 Rxe4 26. Rxf5 gxf5 27. fxe4 fxe4 28.
Kc2 {keeping drawing chances in the rook ending.}) 22... Rxe4 23. h6+ Kf8 24.
fxe4 Bxe4+ 25. Ka1 Bxh1 26. Qf6 $2 {This "attack" is unsuccessful but, of
course, the capture of the bishop was hopeless enough:} (26. Rxh1 Qb6 27. Qxb6
axb6 {- in this rook endgame White has no counterplay, and he should lose.})
26... Bc6 27. e4 b4 28. axb4 Qb5 29. b3 a5 30. Kb2 axb4 31. Rd2 Qc5 32. Rd3 Re8
33. Qg7+ Ke7 34. Rf3 Kd8 35. Rxf7 Bxe4 36. Qf6+ Kc8 0-1

[Event "Wch Rapid"]
[Site "Moscow"]
[Date "2019.12.26"]
[Round "1"]
[White "Grischuk, Alexander"]
[Black "Bluebaum, Matthias"]
[Result "1-0"]
[WhiteElo "2777"]
[BlackElo "2644"]
[PlyCount "99"]
[EventDate "2019.12.26"]
[EventType "swiss (rapid)"]
[EventRounds "15"]
[EventCountry "RUS"]
[SourceTitle "CBM 193 Extra"]
[Source "ChessBase"]
[SourceDate "2020.01.31"]
[SourceVersion "1"]
[SourceVersionDate "2020.01.31"]
[SourceQuality "1"]

1. e4 e6 2. d4 d5 3. Nc3 Nf6 4. e5 Nfd7 5. f4 c5 6. Nf3 Nc6 7. Be3 a6 8. a3
cxd4 9. Nxd4 Bc5 10. Qd2 O-O 11. h4 Rb8 12. h5 h6 13. g3 Qe7 14. Bg2 Nxd4 15.
Bxd4 b5 16. b4 Bxd4 17. Qxd4 f6 18. exf6 Qxf6 19. Ne2 Nb6 20. Qxf6 gxf6 21.
O-O-O e5 22. Rhe1 d4 23. Ng1 Bg4 24. Bf3 Bf5 25. g4 Bh7 26. fxe5 Rbc8 27. Be4
Bxe4 28. Rxe4 fxe5 29. Rxe5 Nc4 30. Rc5 Rxc5 31. bxc5 Ne3 32. Re1 Ng2 33. Re2
Rf1+ 34. Kb2 Ne3 35. c6 Rf6 36. c7 Rc6 37. Nf3 Rxc7 38. Nxd4 Nc4+ 39. Kb3 Na5+
40. Ka2 Rc3 41. Nf5 Nc4 42. Nxh6+ Kf8 43. g5 Rxa3+ 44. Kb1 Rh3 45. Rf2+ Ke8 46.
Ng4 Ke7 47. h6 Nd6 48. g6 Rh1+ 49. Kb2 Rh4 50. g7 1-0

[Event "Wch Rapid"]
[Site "Moscow"]
[Date "2019.12.26"]
[Round "2"]
[White "Sarana, Alexey"]
[Black "Grischuk, Alexander"]
[Result "1/2-1/2"]
[WhiteElo "2663"]
[BlackElo "2777"]
[PlyCount "157"]
[EventDate "2019.12.26"]
[EventType "swiss (rapid)"]
[EventRounds "15"]
[EventCountry "RUS"]
[SourceTitle "CBM 193 Extra"]
[Source "ChessBase"]
[SourceDate "2020.01.31"]
[SourceVersion "1"]
[SourceVersionDate "2020.01.31"]
[SourceQuality "1"]

1. d4 Nf6 2. c4 g6 3. Nc3 Bg7 4. Nf3 O-O 5. e4 d6 6. Be2 e5 7. Be3 exd4 8. Nxd4
Re8 9. f3 c6 10. Bf2 d5 11. exd5 cxd5 12. O-O Nc6 13. c5 Nh5 14. Qd2 Be5 15. g3
Ng7 16. Rfd1 Bf5 17. Bb5 Bxd4 18. Bxd4 Ne6 19. Be3 d4 20. Bxc6 bxc6 21. Bxd4
Nxd4 22. Qf2 Nxf3+ 23. Qxf3 Qa5 24. Qxc6 Rac8 25. Qd5 Qb4 26. Qd2 Qxc5+ 27. Qf2
Bh3 28. Re1 Qc6 29. Rad1 Rxe1+ 30. Rxe1 Rd8 31. Qe2 h5 32. Ne4 Bf5 33. Nf2 a5
34. b3 a4 35. Qe7 Rc8 36. bxa4 Qxa4 37. a3 Ra8 38. Rd1 Kg7 39. Rd8 Rxd8 40.
Qxd8 Qxa3 41. Qd4+ Kg8 42. Qd8+ Kh7 43. Qd2 Qc5 44. Qf4 Kg7 45. Kg2 Be6 46. h4
Bd5+ 47. Kf1 Qb5+ 48. Ke1 Qb1+ 49. Kd2 Qb2+ 50. Kd3 Qb5+ 51. Kc3 Qa5+ 52. Kd4
Be6 53. Qe5+ Qxe5+ 54. Kxe5 Bf5 55. Nd1 f6+ 56. Kf4 Kf7 57. Ne3 Bc8 58. Nc4 Be6
59. Ne3 Kg7 60. Ke4 Kh6 61. Kf4 g5+ 62. hxg5+ fxg5+ 63. Ke5 Bc8 64. Ke4 Kg6 65.
Kf3 Bb7+ 66. Kf2 Kf6 67. Nc4 Bd5 68. Ne3 Ke5 69. Nf1 Ke4 70. Ne3 Be6 71. Nf1
Bd7 72. Nd2+ Kf5 73. Nf3 Bc8 74. Nd4+ Kg4 75. Nf3 Bb7 76. Ne5+ Kh3 77. Nf7 g4
78. Nd6 h4 79. gxh4 1/2-1/2

[Event "Wch Rapid"]
[Site "Moscow"]
[Date "2019.12.26"]
[Round "3"]
[White "Grischuk, Alexander"]
[Black "Melkumyan, Hrant"]
[Result "1/2-1/2"]
[WhiteElo "2777"]
[BlackElo "2668"]
[PlyCount "143"]
[EventDate "2019.12.26"]
[EventType "swiss (rapid)"]
[EventRounds "15"]
[EventCountry "RUS"]
[SourceTitle "CBM 193 Extra"]
[Source "ChessBase"]
[SourceDate "2020.01.31"]
[SourceVersion "1"]
[SourceVersionDate "2020.01.31"]
[SourceQuality "1"]

1. Nf3 d5 2. d3 g6 3. Nbd2 Bg7 4. e4 e5 5. exd5 Qxd5 6. g3 Nc6 7. Bg2 Nge7 8.
O-O O-O 9. Re1 Qd8 10. Nc4 f6 11. b3 Be6 12. d4 b5 13. Na3 Rb8 14. Bb2 Bg4 15.
Qd3 a6 16. Rad1 exd4 17. Bxd4 Nxd4 18. Qxd4 Qxd4 19. Rxd4 Bxf3 20. Bxf3 Nf5 21.
Rd7 Rfd8 22. Rxc7 Bf8 23. Nb1 Nd4 24. Bd1 Rb6 25. c3 Ne6 26. Ra7 Bc5 27. Bf3
Rbd6 28. Ra8 Rxa8 29. Bxa8 Kf7 30. Kf1 a5 31. Bf3 b4 32. Be2 Kf8 33. Bc4 Ng5
34. Kg2 f5 35. f3 bxc3 36. Nxc3 Bb4 37. Nb5 Rd2+ 38. Re2 Rxe2+ 39. Bxe2 Nf7 40.
Nd4 Nd8 41. f4 Ke7 42. Bc4 Bc5 43. Nf3 Nc6 44. Ng5 h6 45. Nf7 h5 46. h3 Kf6 47.
Ng5 Nb4 48. a4 Nc2 49. Kf1 Nd4 50. Nf7 Nc6 51. Ke2 Bb4 52. Ng5 Bc3 53. Bd5 Nb4
54. Bb7 Bd4 55. Nf3 Bc3 56. Nd2 Na2 57. Kd3 Bb4 58. Kc2 Nc3 59. Bf3 Na2 60. Nc4
Be1 61. g4 fxg4 62. hxg4 hxg4 63. Bxg4 Nb4+ 64. Kd1 Bg3 65. Nxa5 Bxf4 66. Nc4
Ke7 67. Ke2 g5 68. Kf3 Nd3 69. Ke4 Nc5+ 70. Kd5 Nxb3 71. a5 Nxa5 72. Nxa5
1/2-1/2

[Event "Wch Rapid"]
[Site "Moscow"]
[Date "2019.12.26"]
[Round "4"]
[White "Popov, Ivan1"]
[Black "Grischuk, Alexander"]
[Result "0-1"]
[WhiteElo "2636"]
[BlackElo "2777"]
[PlyCount "96"]
[EventDate "2019.12.26"]
[EventType "swiss (rapid)"]
[EventRounds "15"]
[EventCountry "RUS"]
[SourceTitle "CBM 193 Extra"]
[Source "ChessBase"]
[SourceDate "2020.01.31"]
[SourceVersion "1"]
[SourceVersionDate "2020.01.31"]
[SourceQuality "1"]

1. e4 d5 2. exd5 Qxd5 3. Nc3 Qa5 4. d4 Nf6 5. Nf3 c6 6. Bc4 Bf5 7. Bd2 Nbd7 8.
Qe2 Qc7 9. O-O-O e6 10. Nh4 Bg6 11. Nxg6 hxg6 12. d5 cxd5 13. Nxd5 Nxd5 14.
Bxd5 Be7 15. Be4 a6 16. Bc3 Bf6 17. Bxg6 O-O-O 18. Bxf6 Nxf6 19. Rxd8+ Kxd8 20.
Bd3 Rxh2 21. Rxh2 Qxh2 22. Qf3 Qc7 23. c3 Ke7 24. g3 a5 25. Qe3 Qd6 26. Kc2 b6
27. Qg5 Kf8 28. Qh4 Qc5 29. g4 g5 30. Qg3 Ke7 31. a3 Nd7 32. Qe3 Qxe3 33. fxe3
Ne5 34. Be2 f5 35. gxf5 exf5 36. b4 g4 37. Kd2 Kd6 38. c4 Nc6 39. Kc3 g3 40.
Bf3 Ne5 41. Bh1 Nc6 42. Bg2 Kc7 43. c5 axb4+ 44. axb4 b5 45. Bf1 Kd8 46. Kd2
Nxb4 47. Ke2 Nc2 48. Kf3 g2 0-1

[Event "Wch Rapid"]
[Site "Moscow"]
[Date "2019.12.26"]
[Round "5"]
[White "Grischuk, Alexander"]
[Black "Bocharov, Dmitry"]
[Result "1/2-1/2"]
[WhiteElo "2777"]
[BlackElo "2524"]
[PlyCount "124"]
[EventDate "2019.12.26"]
[EventType "swiss (rapid)"]
[EventRounds "15"]
[EventCountry "RUS"]
[SourceTitle "CBM 193 Extra"]
[Source "ChessBase"]
[SourceDate "2020.01.31"]
[SourceVersion "1"]
[SourceVersionDate "2020.01.31"]
[SourceQuality "1"]

1. d4 Nf6 2. c4 e6 3. Nf3 d5 4. Nc3 c6 5. Bg5 Nbd7 6. e3 Qa5 7. Nd2 dxc4 8.
Bxf6 Nxf6 9. Nxc4 Qc7 10. Rc1 Be7 11. g3 O-O 12. Bg2 Rd8 13. O-O Bd7 14. Ne4
Be8 15. Qc2 Rac8 16. Nxf6+ Bxf6 17. b4 e5 18. dxe5 Bxe5 19. Nxe5 Qxe5 20. Rfd1
h6 21. h4 Qe7 22. Qa4 Rxd1+ 23. Rxd1 b6 24. Qa6 Rc7 25. Rd4 c5 26. Re4 Qd7 27.
bxc5 Rxc5 28. Rd4 Qe7 29. Qd3 Rc7 30. Re4 Qd7 31. Rd4 Qe7 32. h5 Rd7 33. Bd5
Qg5 34. Qe4 Qe7 35. Qf5 Qf6 36. Qd3 Qg5 37. Qd1 Kf8 38. e4 Qe5 39. f4 Qd6 40.
Kg2 b5 41. Rd3 Qc5 42. Rd2 Rc7 43. Bb3 a5 44. Rc2 Qe7 45. Rxc7 Qxc7 46. Qd4 b4
47. Kf2 Bd7 48. f5 Be8 49. e5 Qe7 50. f6 Qc7 51. fxg7+ Kxg7 52. e6+ Kg8 53. Qe3
Kg7 54. Qd4+ f6 55. Qg4+ Kh8 56. e7 Qc5+ 57. Kg2 Qg5 58. Qc8 Qd2+ 59. Kf1 Qd3+
60. Kf2 Qd2+ 61. Kf1 Qd3+ 62. Kf2 Qd2+ 1/2-1/2

[Event "Wch Rapid"]
[Site "Moscow"]
[Date "2019.12.27"]
[Round "6"]
[White "Predke, Alexandr"]
[Black "Grischuk, Alexander"]
[Result "1/2-1/2"]
[WhiteElo "2676"]
[BlackElo "2777"]
[PlyCount "67"]
[EventDate "2019.12.26"]
[EventType "swiss (rapid)"]
[EventRounds "15"]
[EventCountry "RUS"]
[SourceTitle "CBM 193 Extra"]
[Source "ChessBase"]
[SourceDate "2020.01.31"]
[SourceVersion "1"]
[SourceVersionDate "2020.01.31"]
[SourceQuality "1"]

1. e4 c5 2. Nc3 d6 3. Nge2 Nf6 4. g3 g6 5. Bg2 Nc6 6. O-O Bg7 7. d3 O-O 8. f4
Rb8 9. h3 e6 10. g4 b5 11. a3 a5 12. Qe1 b4 13. axb4 axb4 14. Nd1 Bb7 15. f5
Nd7 16. Ne3 Nde5 17. g5 exf5 18. exf5 Re8 19. Qh4 b3 20. Nd5 Nd7 21. Ng3 bxc2
22. Be4 Nd4 23. Nh5 gxh5 24. f6 Rxe4 25. dxe4 Bf8 26. Qxh5 Ne5 27. Ra7 Bxd5 28.
exd5 Ra8 29. Rxf7 Nxf7 30. g6 Nh6 31. f7+ Kh8 32. Bxh6 Nf5 33. Rxf5 Bxh6 34.
Qxh6 1/2-1/2

[Event "Wch Rapid"]
[Site "Moscow"]
[Date "2019.12.27"]
[Round "7"]
[White "Grischuk, Alexander"]
[Black "Fridman, Daniel"]
[Result "1-0"]
[WhiteElo "2777"]
[BlackElo "2616"]
[PlyCount "112"]
[EventDate "2019.12.26"]
[EventType "swiss (rapid)"]
[EventRounds "15"]
[EventCountry "RUS"]
[SourceTitle "CBM 193 Extra"]
[Source "ChessBase"]
[SourceDate "2020.01.31"]
[SourceVersion "1"]
[SourceVersionDate "2020.01.31"]
[SourceQuality "1"]

1. Nf3 Nf6 2. g3 d5 3. Bg2 e6 4. O-O c5 5. d3 Nc6 6. e4 dxe4 7. dxe4 Qxd1 8.
Rxd1 Nxe4 9. Na3 Be7 10. Bf4 f5 11. Ne5 Nxe5 12. Bxe5 Bf6 13. Nc4 Bxe5 14. Nxe5
Ke7 15. Bxe4 fxe4 16. Re1 Bd7 17. Rxe4 Rad8 18. Rae1 Bc8 19. Rg4 Rhg8 20. Rc4
Rd5 21. a4 Kd6 22. Nf7+ Ke7 23. Ne5 Kd6 24. Rce4 Ke7 25. f3 Rd2 26. R1e2 Rxe2
27. Rxe2 Rd8 28. Kf2 Bd7 29. Re4 Be8 30. Ke2 Kf6 31. Nd3 b6 32. a5 Rd6 33. axb6
axb6 34. Rf4+ Ke7 35. Ne5 Rd5 36. Re4 Kf6 37. f4 Rd8 38. Re3 Ra8 39. Kd2 Ra2
40. b3 Ra8 41. h4 Ra1 42. Nc4 Ra6 43. Rc3 Ke7 44. Re3 Bg6 45. Ne5 Ra2 46. Nxg6+
hxg6 47. Re1 Kf6 48. Kc3 Ke7 49. Rc1 Ra8 50. Kc4 Rd8 51. Kb5 Rd6 52. Re1 Kf6
53. Re3 Rd2 54. Rc3 Rd6 55. Rd3 Rxd3 56. cxd3 e5 1-0

[Event "Wch Rapid"]
[Site "Moscow"]
[Date "2019.12.27"]
[Round "8"]
[White "Cheparinov, Ivan"]
[Black "Grischuk, Alexander"]
[Result "1/2-1/2"]
[WhiteElo "2687"]
[BlackElo "2777"]
[PlyCount "65"]
[EventDate "2019.12.26"]
[EventType "swiss (rapid)"]
[EventRounds "15"]
[EventCountry "RUS"]
[SourceTitle "CBM 193 Extra"]
[Source "ChessBase"]
[SourceDate "2020.01.31"]
[SourceVersion "1"]
[SourceVersionDate "2020.01.31"]
[SourceQuality "1"]

1. d4 Nf6 2. c4 e6 3. Nf3 d5 4. Nc3 Bb4 5. cxd5 exd5 6. Bg5 h6 7. Bh4 O-O 8. e3
Bf5 9. Qb3 Bxc3+ 10. bxc3 Nbd7 11. Be2 c5 12. dxc5 g5 13. Bg3 Nxc5 14. Qb4 Nce4
15. O-O Nxg3 16. hxg3 Qc7 17. Nd4 Bh7 18. c4 dxc4 19. Rfc1 Rfe8 20. Rxc4 Qe7
21. Rac1 Qxb4 22. Rxb4 Re7 23. Bf3 Ne4 24. g4 Rd8 25. a4 Kg7 26. a5 Rd5 27.
Nf5+ Bxf5 28. gxf5 Rde5 29. Bxe4 Rxe4 30. Rxe4 Rxe4 31. Rb1 Re5 32. Rxb7 Rxa5
33. g4 1/2-1/2

[Event "Wch Rapid"]
[Site "Moscow"]
[Date "2019.12.27"]
[Round "9"]
[White "Grischuk, Alexander"]
[Black "Andriasian, Zaven"]
[Result "1/2-1/2"]
[WhiteElo "2777"]
[BlackElo "2611"]
[PlyCount "47"]
[EventDate "2019.12.26"]
[EventType "swiss (rapid)"]
[EventRounds "15"]
[EventCountry "RUS"]
[SourceTitle "CBM 193 Extra"]
[Source "ChessBase"]
[SourceDate "2020.01.31"]
[SourceVersion "1"]
[SourceVersionDate "2020.01.31"]
[SourceQuality "1"]

1. d4 d5 2. c4 c6 3. Nf3 Nf6 4. e3 Bg4 5. Qb3 Qc7 6. Ne5 Be6 7. Nc3 dxc4 8.
Bxc4 Bxc4 9. Qxc4 e6 10. e4 Nbd7 11. Nxd7 Qxd7 12. O-O Be7 13. Rd1 O-O 14. Be3
Rfd8 15. a4 Qc7 16. h3 Qa5 17. Qb3 Rd7 18. Qc2 h6 19. Ne2 Rad8 20. f3 c5 21.
dxc5 Rxd1+ 22. Rxd1 Rxd1+ 23. Qxd1 Bxc5 24. Bxc5 1/2-1/2

[Event "Wch Rapid"]
[Site "Moscow"]
[Date "2019.12.27"]
[Round "10"]
[White "Ivanisevic, Ivan"]
[Black "Grischuk, Alexander"]
[Result "0-1"]
[WhiteElo "2593"]
[BlackElo "2777"]
[PlyCount "80"]
[EventDate "2019.12.26"]
[EventType "swiss (rapid)"]
[EventRounds "15"]
[EventCountry "RUS"]
[SourceTitle "CBM 193 Extra"]
[Source "ChessBase"]
[SourceDate "2020.01.31"]
[SourceVersion "1"]
[SourceVersionDate "2020.01.31"]
[SourceQuality "1"]

1. c4 e5 2. Nc3 Nf6 3. Nf3 Nc6 4. g3 Nd4 5. Bg2 Nxf3+ 6. Bxf3 Bb4 7. Qb3 Bc5 8.
d3 h6 9. g4 d6 10. Rg1 c6 11. Be3 Bxe3 12. fxe3 Qb6 13. Kd2 Be6 14. Qxb6 axb6
15. a4 Ke7 16. b4 g5 17. h3 d5 18. cxd5 cxd5 19. e4 d4 20. Nd5+ Bxd5 21. exd5
Ne8 22. h4 Nd6 23. Rh1 Rac8 24. a5 bxa5 25. bxa5 Ra8 26. Be4 Rhg8 27. hxg5 hxg5
28. Rhb1 Ra6 29. Rh1 Rga8 30. Rh5 Rxa5 31. Rxa5 Rxa5 32. Rxg5 Kf6 33. Rh5 Ra2+
34. Ke1 b5 35. g5+ Ke7 36. g6 fxg6 37. Rxe5+ Kd7 38. Re6 b4 39. Kd1 b3 40. Bxg6
Ra1+ 0-1

[Event "Wch Rapid"]
[Site "Moscow"]
[Date "2019.12.28"]
[Round "11"]
[White "Grischuk, Alexander"]
[Black "Vallejo Pons, Francisco"]
[Result "1-0"]
[WhiteElo "2777"]
[BlackElo "2704"]
[PlyCount "87"]
[EventDate "2019.12.26"]
[EventType "swiss (rapid)"]
[EventRounds "15"]
[EventCountry "RUS"]
[SourceTitle "CBM 193 Extra"]
[Source "ChessBase"]
[SourceDate "2020.01.31"]
[SourceVersion "1"]
[SourceVersionDate "2020.01.31"]
[SourceQuality "1"]

1. d4 d5 2. c4 e6 3. Nf3 a6 4. Bg5 Be7 5. Bxe7 Qxe7 6. Nbd2 Nf6 7. g3 O-O 8.
Bg2 Rd8 9. O-O Nc6 10. Rc1 dxc4 11. Rxc4 e5 12. Rxc6 bxc6 13. Nxe5 Bb7 14. Bxc6
Rdb8 15. Qc2 Qe6 16. b3 Bxc6 17. Qxc6 Qd6 18. e3 Nd5 19. Rc1 a5 20. e4 Nf6 21.
Qc4 Rf8 22. Nc6 Ng4 23. Nf3 a4 24. b4 Kh8 25. h3 Nh6 26. Kg2 a3 27. Rc3 Rfe8
28. e5 Qd7 29. d5 Nf5 30. Rd3 Ne7 31. b5 Nc8 32. e6 Qd6 33. Ng5 Rf8 34. Nxf7+
Rxf7 35. exf7 Nb6 36. Qe4 Rf8 37. Qe6 g6 38. Qxd6 cxd6 39. Rxa3 Rxf7 40. Ra6
Nxd5 41. a4 Rb7 42. Nd8 Re7 43. Rxd6 Nc3 44. b6 1-0